[Event "POL-chT 66th"]
[Site "Katowice"]
[Date "2010.09.09"]
[Round "6"]
[White "Gdanski, Jacek"]
[Black "Pakleza, Zbigniew"]
[Result "1-0"]
[WhiteElo "2542"]
[BlackElo "2509"]
[Annotator "RR"]
[PlyCount "129"]
[EventDate "2010.09.04"]
[EventType "team-tourn"]
[EventRounds "9"]
[EventCountry "POL"]
[SourceTitle "EXT 2016"]
[Source "ChessBase"]
[SourceDate "2015.10.08"]
[SourceVersion "1"]
[SourceVersionDate "2015.10.08"]
[SourceQuality "1"]
[WhiteTeam "Katowice Szopienice"]
[BlackTeam "Lublin"]
[WhiteTeamCountry "POL"]
[BlackTeamCountry "POL"]

1. e4 d5 2. exd5 Nf6 3. d4 Nxd5 4. Nf3 Bg4 5. Be2 e6 6. O-O Nc6 7. h3 Bh5 8. c4
Nf6 (8... Nb6 9. Nc3 Bxf3 10. Bxf3 Nxd4 11. Bxb7 Rb8 12. Bd5 c5 13. Re1 Be7 14.
Bf4 exd5 15. Bxb8 Qxb8 16. b4 Kf8 17. Rxe7 Kxe7 18. bxc5 Qe5 19. cxb6 dxc4 20.
Qd2 Ne6 21. Nd5+ Kd7 22. Rd1 axb6 23. Nb4+ {1-0 (23) Broekmeulen,J (2439)
-Boidman,Y (2398) Belgium 2013}) 9. Nc3 Be7 10. Be3 O-O 11. Qd2 Bg6 12. Bd3
Bxd3 $146 (12... Bb4 13. Bxg6 hxg6 14. Qc2 Ne7 15. a3 Bxc3 16. Qxc3 Nf5 17. Bf4
c6 18. Rfe1 a5 19. Rad1 a4 20. Ne5 Nd7 21. g4 Ne7 22. Bg5 f6 23. Nxd7 Qxd7 24.
Bh4 Rad8 25. Bg3 g5 26. Qc2 b5 27. Re2 f5 28. Be5 Ng6 29. cxb5 cxb5 30. Qc7 Rf7
31. Qxd7 Rfxd7 32. Rc1 Kf7 33. f3 Rd5 34. Kf2 R8d7 35. Rc8 Nxe5 36. dxe5 fxg4
37. hxg4 Rd3 38. Rec2 Kg6 39. R8c6 Rf7 40. Rxe6+ Kh7 41. Ke1 Rfxf3 42. Rc7 {
Kaufman,L (2364)-Zatonskih,A (2445) Philadelphia 2004 1/2-1/2}) 13. Qxd3 Nb4
14. Qe2 c6 15. a3 Na6 16. b4 $14 Nc7 17. Rab1 {[%cal Gb4b5]} Qc8 $6 {La
position Noire est très passive} 18. Rfc1 $32 a5 19. Ne5 axb4 20. axb4 Ra3 $6
21. Qb2 $16 Ra8 22. Qb3 Nd7 23. Na4 Rb8 24. Bf4 Nxe5 25. Bxe5 f6 $6 {[%csl Re6]
Le remède sera pire que la mal} 26. Nb6 Qd8 27. Bxc7 $1 {[%csl Re6][%cal
Gc4c5]} Qxc7 28. c5 Bd8 29. Qxe6+ Qf7 30. Qxf7+ (30. Re1 $2 Bxb6 $1) 30... Rxf7
31. Nc4 $36 {[%csl Gc4][%cal Gc4d6]} Rd7 32. b5 $1 {[%cal Gb1b8,Gb5c6]} cxb5
33. Nd6 $1 b6 34. Rxb5 Bc7 35. Nf5 bxc5 36. Rxb8+ Bxb8 37. dxc5 {[%csl Gc5]}
Bf4 (37... Bc7) 38. c6 Ra7 39. Rb1 {[%csl Rg7][%cal Gb1b7]} Ra5 40. g4 {
Après ce coup, la position Noire est trés difficile malgré l'activité du B}
Rc5 41. Rb7 g6 42. Nd4 Be5 43. Kg2 Rc4 (43... Bxd4 44. c7 {[%cal Gb7b8]}) 44.
Rd7 Rc3 45. f4 Bxd4 46. c7 $1 Be3 47. f5 Bd4 48. Rd8+ Kg7 49. c8=Q Rxc8 50.
Rxc8 Kh6 51. Rg8 (51. Kf3) 51... Be5 52. Kf3 Bb2 53. Ke4 Bc3 54. Kd5 gxf5 55.
gxf5 Kh5 56. Rg4 Be5 57. Ke6 Bc3 58. Rg7 h6 59. Rg6 Bd2 60. Kxf6 Kh4 61. Rg2
Bc1 62. Rg1 Be3 63. Rh1 Kg3 64. Kg6 Kg2 65. Rb1 1-0

[Event "Plancoet op-A 10th"]
[Site "Plancoet"]
[Date "2013.07.30"]
[Round "4"]
[White "Das, Arghyadip"]
[Black "Kukov, Velislav"]
[Result "1/2-1/2"]
[WhiteElo "2493"]
[BlackElo "2370"]
[Annotator "RR"]
[PlyCount "38"]
[EventDate "2013.07.28"]
[EventType "swiss"]
[EventRounds "9"]
[EventCountry "FRA"]
[SourceTitle "EXT 2017"]
[Source "ChessBase"]
[SourceDate "2016.10.25"]
[SourceVersion "1"]
[SourceVersionDate "2016.10.25"]
[SourceQuality "1"]
[TimeControl "40/5400+30:1800+30"]

1. e4 d5 2. exd5 Qxd5 3. Nc3 Qd6 4. d4 Nf6 (4... c6) 5. Nf3 g6 (5... c6 6. h3
g6 7. Ne5 Nbd7 8. Bf4 Nxe5 9. Bxe5 Qb4 10. a3 Qa5 11. Bc4 Bg7 12. O-O O-O 13.
Qe2 Bf5 14. g4 Bd7 15. f4 e6 16. h4 h5 17. g5 Ng4 18. Ne4 Qb6 19. c3 Nxe5 20.
fxe5 c5 21. Nxc5 Bc6 22. Rf4 Qc7 23. Raf1 b6 24. Ne4 Bxe4 25. Rxe4 Rae8 26. Bb5
Re7 27. a4 Qd8 28. Ref4 Rc7 29. Qf3 Re7 30. Bd3 Rc7 31. Be4 Rd7 32. Kg2 Rc7 33.
Qe2 Rd7 34. R1f3 Rc7 35. b4 {Vallejo Pons,F (2706)-Georgiev,K (2636)
Khanty-Mansiysk 2013 1-0}) 6. g3 {[%cal Gc1f4]} Bg7 7. Bg2 Qa6 {[%csl Re1]} (
7... c6) 8. a4 $146 (8. Bf4 c6 9. a4 O-O 10. a5 Be6 11. Bf1 Bc4 12. Bxc4 Qxc4
13. Qe2 Qxe2+ 14. Kxe2 Na6 15. Ra4 Rfd8 16. Rd1 Rac8 17. Be5 Nd5 18. Bxg7 Kxg7
19. Ne4 Nf6 20. Nxf6 Kxf6 21. Rd3 Kg7 22. h4 Rd5 23. c4 Rd6 24. Re3 e6 25. b4
Rcd8 26. Rb3 Nc7 27. Ra1 R6d7 28. Rd3 h5 29. Rad1 Na6 30. Rb1 Nc7 {1/2-1/2 (30)
Oleksienko,M (2568)-Rakhmanov,A (2602) Abu Dhabi 2013}) 8... Bg4 9. h3 Qe6+ 10.
Be3 Bxf3 11. Qxf3 c6 12. O-O O-O 13. Rfe1 Qd7 {Malgré toutes les pertes de
temps de la Q Noire, il n'est pas facile d'en profiter pour les Blancs} 14.
Rad1 (14. d5 cxd5 15. Nxd5 Nxd5 16. Qxd5 Qxd5 17. Bxd5 Nc6 18. a5 e6 19. Bf3 a6
20. c3 Rad8 21. Bb6 (21. Rad1 Rxd1 (21... Nxa5 22. Bb6) 22. Rxd1 Nxa5) 21...
Rd2 22. Re2 Ne5) 14... e6 15. Bg5 Nd5 16. Ne4 h6 17. Bd2 Qe7 18. Qb3 a5 19. c4
Nb4 1/2-1/2

[Event "Cappelle op 32nd"]
[Site "Cappelle la Grande"]
[Date "2016.02.15"]
[Round "4"]
[White "Lu, Shanglei"]
[Black "Kurajica, Bojan"]
[Result "1-0"]
[WhiteElo "2617"]
[BlackElo "2533"]
[Annotator "Reeh,O"]
[PlyCount "67"]
[EventDate "2016.02.13"]
[EventType "swiss"]
[EventRounds "9"]
[EventCountry "FRA"]
[SourceTitle "EXT 2017"]
[Source "ChessBase"]
[SourceDate "2016.10.25"]
[SourceVersion "1"]
[SourceVersionDate "2016.10.25"]
[SourceQuality "1"]

1. e4 d5 2. exd5 Qxd5 3. Nc3 Qd6 4. d4 g6 5. Nf3 Bg7 6. h3 Nf6 7. Bc4 O-O 8.
O-O b6 9. Ne5 Bb7 10. Bf4 Qd8 11. Re1 a6 12. Be2 e6 13. Bf3 Qc8 14. Qe2 Nd5 15.
Nxd5 exd5 16. c4 dxc4 17. Bxb7 Qxb7 18. Qxc4 b5 19. Qc5 a5 20. Qc3 Qd5 21. a3
Ra7 22. Rac1 Rd8 23. Qg3 Rc8 24. Ng4 Nc6 25. Rc5 Qd7 26. d5 Nd4 27. Be5 Re8 {
[%tqu "En","What's the strongest move for White?","Wouldn't White feel much
better with the Re1 protected?","","g3c3","An excellent multipurpose move! 
The white queen protects the Re1  (unpinning the Be5) and at the same creates
the pressure on the long diagonal and on the c-file.",3,"De","Was ist der
stärkste Zug für Weiß?","Würde sich Weiß mit einem gedeckten Re1 nicht viel
besser fühlen?","","g3c3","Ein ausgezeichneter Mehrzweckzug!  Die weiße Dame
deckt den Re1  (Entfesselung des Be5) und erzeugt gleichzeitig Druck auf der
langen Diagonalen sowie in der c-Linie.",3]} 28. Qc3 $1 {[%csl Rc7,Rd4,Rg7]
[%cal Yc3e1,Rc3d4,Rc3g7,Rc3c7]} f5 {[%tqu "En","29.Bxg7! is the best move in
the position, provided that after 29...Rxe1+ 30.Qxe1 Qxg7 White has the right
idea.  Take your time to find his winning continuation.  When you are ready,
please play 29.Bg7!.","","","e5g7","This is followed by 29...Rxe1+ 30.Qxe1
Qxg7.  Have you seen White's killer move now?",1,"De","29.Bxg7! ist der beste
Zug in der Stellung, aber nur, wenn Weiß nach 29...Rxe1+ 30.Qxe1 Qxg7 die
richtige Idee hat.  Versuchen Sie in Ruhe, die Gewinnfortsetzung zu finden. 
Wenn Sie soweit sind, führen Sie bitte 29.Bg7! aus.","","","e5g7","Es folgt 29.
..Rxe1+ 30.Qxe1 Qxg7.  Haben Sie jetzt den weißen Killerzug gesehen?",1]} 29.
Bxg7 $1 Rxe1+ 30. Qxe1 Qxg7 (30... Kxg7 31. Qe5+ $18) {[%tqu "En","White to
play and win.","Pawn power!","","d5d6","Good!  Now 31...cxd6 32.Rc8+ is game
over, and after 31...fxg4 White wins with this passed pawn.",3,"De","Weiß
zieht und gewinnt.","Bauernpower!","","d5d6","Gut!  Nach 31...cxd6 32.Rc8+ ist
die Partie gelaufen, und nach 31...fxg4 gewinnt Weiß mit seinem Freibauern.",3]
} 31. d6 $1 {[%csl Rc8][%cal Rc5c8,Rc8g8] Pawn power! Bauernpower!} (31. Qe8+
Qf8 32. Nf6+ Kg7 {is not clear. ist nicht klar.}) 31... c6 (31... fxg4 32. Rxc7
({or oder} 32. dxc7 Rxc7 33. Qe8+ Qf8 34. Qxf8+ Kxf8 35. Rxc7 $18) 32... Rxc7 {
[%tqu "En","Show White's point.","","","e1e8","and after 33...Qf8 34.Qxf8+
Kxf8 35.dxc7 the white passed pawn queens.",1,"De","Zeigen Sie die Pointe von
Weiß.","","","e1e8","und nach 33...Qf8 34.Qxf8+ Kxf8 35.dxc7 geht der weiße
Freibauer zur Dame.",1]} 33. Qe8+ Qf8 34. Qxf8+ Kxf8 35. dxc7 {[%csl Gc8][%cal
Gc7c8]}) (31... cxd6 32. Rc8+ Kf7 33. Qe8#) 32. Qe8+ Qf8 33. d7 Ra8 34. Re5 1-0

[Event "Capablanca Memorial Elite 31st"]
[Site "Cienfuegos"]
[Date "1996.??.??"]
[Round "4"]
[White "Morovic Fernandez, Ivan"]
[Black "Rodriguez Cespedes, Amador"]
[Result "1-0"]
[WhiteElo "2575"]
[BlackElo "2485"]
[Annotator "Rodriguez,Am"]
[PlyCount "63"]
[EventDate "1996.05.??"]
[EventType "tourn"]
[EventRounds "13"]
[EventCountry "CUB"]
[EventCategory "12"]
[SourceTitle "CBM 054"]
[Source "ChessBase"]
[SourceDate "1996.10.01"]
[SourceVersion "1"]
[SourceVersionDate "1996.10.01"]
[SourceQuality "1"]

1. e4 {Cifuentes} d5 2. exd5 Qxd5 3. Nc3 Qa5 4. d4 c6 5. Nf3 Nf6 6. Bd2 Bf5 7.
Bc4 e6 8. Qe2 Bb4 (8... Bxc2 $2 {Cifuentes} 9. d5 $1 cxd5 10. Nxd5 Qd8 11.
Nxf6+ gxf6 (11... Qxf6 12. Bb5+ $1 Nc6 13. Bxc6+ bxc6 14. Qc4 $18) 12. Bb5+ Nd7
13. Bc3 $18) 9. O-O-O Nbd7 (9... Nd5 {Cifuentes} 10. Nxd5 Bxd2+ 11. Nxd2 cxd5
12. Nb3 $1 Qxa2 13. Bxd5 Nc6 14. g4 Bg6 15. Bxc6+ bxc6 16. f4 O-O 17. h4 $14 {
Liubojevic-Kurajica /Bugojno 1980}) 10. a3 Bxc3 (10... Bxa3 $2 11. Na2 $1 Bxb2+
12. Kxb2 Qb6+ 13. Kc1 $18) 11. Bxc3 Qc7 12. Ne5 (12. Bd2 b5 13. Bd3 (13. Ba2
Be4 14. Kb1 O-O 15. Bg5 Bd5 16. Ne5 Nxe5 17. dxe5 Ne4 18. Bf4 f6 19. Rhe1 fxe5
$17 {Enders-Wahls/BRD 1996 0-1(42)}) 13... Bxd3 14. Qxd3 O-O 15. Rhe1 Rfc8 16.
Kb1 c5 17. dxc5 Nxc5 18. Qxb5 Nce4 19. Qa4 Qb7 $44 {Huebner-Wahls/BRD 1994 0-1
(67)}) 12... Nd5 (12... b5 13. Bd3 O-O 14. Bxf5 exf5 15. Qf3 Nd5 16. Qxf5 Nxc3
17. Nxd7 Nxd1 18. Nxf8 Rxf8 19. Rxd1 Qxh2 {1/2-1/2 Almasi,Z-Dautov/Altensteig
1994}) (12... Nxe5 13. dxe5 Nd5 14. Bd2 O-O-O 15. g4 Bg6 16. f4 h5 17. h3 Qb6 (
17... hxg4 18. hxg4 Rxh1 19. Rxh1 Qb6 20. Rf1 Qd4 21. Bb3 Re8 22. Qh2 $1 Be4
23. Re1 Rd8 24. Qe2 Bh7 25. Qf3 $1 $16 {1/2-1/2 Morovic,I-Wahls,M /XXXI
Capablanca A 1996 (42)}) 18. Rhf1 hxg4 19. hxg4 Rh3 20. Rde1 Qd4 21. Ba2 $2
Rxa3 22. Bb1 Qa4 23. f5 Ra1 24. c3 exf5 25. gxf5 Bh5 26. Qxh5 Qa2 27. Kc2 Qc4
28. b3 Nb4+ 29. Kc1 Rxb1+ {0-1 Nijboer-Hodgson/Nederland tt (07) 1994}) 13. Bd2
b5 14. Bb3 h5 $5 $146 {temporarily stopping white's plan to advance his g and
f pawns creating unpleasant threats against the bishop on g6.} (14... Nxe5 15.
dxe5 O-O-O 16. g4 Bg6 17. f4 h5 18. h3 a6 19. Qf3 f5 20. exf6 gxf6 21. Rhe1 $16
{Sveshnikov-Lastin/RUS ch 1995 1-0 (41)}) 15. Nxd7 (15. h3 $1 {critical for
the evaluation of 14...h5} h4 16. g4 hxg3 17. fxg3 Nxe5 18. dxe5 O-O-O (18...
Bxh3 $2 19. g4 $1 $16) 19. g4 Bh7 20. Bg5 Rd7 21. Rd2 $14) (15. Rhe1 Nxe5 $14)
15... Qxd7 {[%cal Ya7a5]} 16. Ba5 Bg6 (16... f6 {[%cal Ye8f7]}) (16... f6 $5)
17. Rhe1 (17. h3 $5 O-O $6 18. g4 $1 $40) 17... O-O 18. h3 Rfc8 (18... Rac8
$142 {/\ Rfe8}) (18... Rac8 $142) 19. g4 Qe7 $1 (19... hxg4 20. hxg4 c5 $2 21.
dxc5 Rxc5 22. f4 $1 $16 {[%csl Rd5][%cal Rf4f5]} (22. f4 $1 Rac8 23. f5 Bh7 24.
Bb4 R5c6 25. Kb1 $18)) 20. Kb1 Qh4 21. f3 (21. Qf3) 21... c5 $6 (21... Qf6 $142
) 22. dxc5 Rxc5 23. f4 $1 Nf6 (23... Nxf4 24. Qe3 Qxh3 25. Qxc5 Qxb3 26. gxh5
Nxh5 $16) (23... hxg4 24. hxg4 Nxf4 25. Qe3 Qg5 26. Rd4 $18 (26. Bd2 $16)) 24.
f5 $1 (24. Bb4 Rcc8) 24... exf5 25. gxf5 Bxf5 (25... Rxf5 $4 26. Qg2 $1 $18)
26. Qe7 Rc4 $1 $8 (26... Rac8 27. Qxf7+ Kh7 28. Rg1 Rg8 29. Bd8 $18) 27. Bc3 $2
(27. Bxc4 Qxc4 $14) 27... Rac8 $4 (27... Ne4 $1 28. Qe5 Nxc3+ 29. bxc3 Bg6 (
29... g6 30. Bxc4 Qxc4 31. Qd5 $1 Rc8 (31... Qxc3 32. Qxa8+ Kg7 33. Re4 $1 $18)
32. Qxc4 Rxc4 33. Re3 $14) 30. Bxc4 Qxc4 31. Qd5 $14) 28. Bxc4 Rxc4 $2 (28...
Qxc4 29. Rd8+ (29. Bxf6 Bxc2+ 30. Ka1 Bxd1 31. Rxd1 gxf6 32. Rg1+ Kh7 33. Qxf6
Rg8 34. Qf5+ Rg6 35. Qxh5+ Kg7) 29... Rxd8 30. Qxd8+ Kh7 31. Qd1 $16 (31. Qd1
$1 Bg6 32. Bxf6 gxf6 33. Qe2 $16)) 29. Rg1 (29. Qf8+ $1 Kh7 30. Rg1 Bg6 31. Rd8
Kh6 32. Qh8+) 29... Rxc3 30. bxc3 (30. Rd8+ $1 Kh7 31. Rh8+ $1) 30... Qf2 (
30... Bg6 31. Rxg6 $1 fxg6 32. Rd7 $18) 31. Rd8+ Kh7 32. Rh8+ $1 1-0

[Event "CUB-ch"]
[Site "Las Tunas"]
[Date "1996.??.??"]
[Round "5"]
[White "Gonzalez, Renier"]
[Black "Rodriguez Cespedes, Amador"]
[Result "0-1"]
[WhiteElo "2560"]
[BlackElo "2485"]
[Annotator "Rodriguez,Am"]
[PlyCount "104"]
[EventDate "1996.05.??"]
[EventType "tourn"]
[EventRounds "13"]
[EventCountry "CUB"]
[EventCategory "8"]
[SourceTitle "CBM 053"]
[Source "ChessBase"]
[SourceDate "1996.08.01"]
[SourceVersion "1"]
[SourceVersionDate "1996.08.01"]
[SourceQuality "1"]

1. e4 d5 2. exd5 Qxd5 3. Nc3 Qa5 4. d4 Nf6 5. Bc4 c6 6. h3 $146 {Unusual but
White was not familiar with the old fashioned variation 6.Nf3 Bg4?! as my
opponent confessed later.} Bf5 7. Bd2 Qc7 (7... e6 8. g4 $5) 8. Nf3 e6 9. O-O
Nbd7 10. Re1 Bd6 11. Nh4 Bg6 12. Nxg6 hxg6 $10 {Interestingly enough, I
reached this position twice during this tournament.} 13. Ne4 $6 (13. Qf3 {
is certainly a better move, I had to face it two rounds later in my next game
as Black.} O-O-O 14. Bb3 $6 (14. Bf1 $142 {to protect the king side if
necessary.}) 14... Rh5 $2 (14... Rh4 $1 $15 {[%cal Yd8h8,Yh8h5,Yh5f5,Yf5f3]})
15. g4 $1 Rhh8 16. Rad1 $13 {1/2-1/2 Sariego,Wilfredo-Rodríguez,Amador/Las
Tunas Cuba ch (07) 1996}) 13... Nxe4 14. Rxe4 Nf6 15. Re1 Bh2+ $1 $36 16. Kf1 (
16. Kh1 Bf4 {[%cal Rg6g5,Rg5g4]}) 16... Bf4 17. c3 O-O-O {[%cal Rf4d2,Rc7h2]}
18. Bxf4 Qxf4 19. Qc1 $2 (19. Kg1 g5 $40 (19... c5 $5 $15) 20. Bf1 g4 21. g3
Qh6) 19... Qh2 20. Qg5 Nh5 $5 (20... Ne4 $1 21. Rxe4 (21. Qe3 Nd6 {/\ Qh1+})
21... Qh1+ 22. Ke2 Qxa1 23. Qd2 Qh1 $17) 21. g3 $8 (21. Ke2 Nf4+ 22. Kf3 Nxg2
$1 23. Rh1 Nh4+ $19) (21. Rad1 Nf4 22. f3 f6 23. Qg4 Rh4 $1 24. Bxe6+ Kb8 $19)
21... Qxh3+ 22. Ke2 Nf6 (22... Qf5 $17) 23. Bd3 Rh5 (23... Qh5+ 24. Qxh5 gxh5
$17) 24. Qf4 Qg2 (24... e5 25. dxe5 Qe6 (25... Nd7 26. Rh1) (25... Ng4 26. Rh1)
26. Bc4 (26. Kd2 Nd7 27. Kc2 Nxe5 28. Be4 $17) 26... Nd5 27. Qd4 $17) 25. Bc4
$6 (25. Qf3 $17) 25... Rf5 26. Rg1 $8 Qxg1 27. Rxg1 Rxf4 28. gxf4 Nd5 29. Kf3
Rh8 $19 {Black has a clean pawn up, better structure and everything under
control, yet this endgame still requires patience and precise play.} 30. Kg3
Kd7 31. Bd3 Ne7 32. Be4 Rh5 33. Kf3 Nf5 34. Bc2 Rh3+ 35. Kg2 Rh5 36. Kf3 Ke7
37. Be4 Rh3+ 38. Kg2 Rh4 39. Kf3 Kf6 40. Bc2 Rh3+ 41. Kg2 Rh4 42. Kf3 Ne7 {
[%cal Re7d5]} 43. Kg3 $8 Rh5 44. Rd1 {White would like to do something on the
queenside but it is not so easy, nor there is time any longer!} (44. Kf3 Nd5 {
[%cal Rh5h4]}) 44... g5 $1 {Double pawns are exchanged and the black pieces
are able to penetrate in his enemy's camp} 45. fxg5+ Kxg5 46. Be4 $6 Rh4 $1 47.
Bc2 Nd5 $1 {the beginning of a very strong plan.} 48. a4 (48. Kg2 Kg4 {/\Nf4,
Kf3}) 48... Nf4 49. Kf3 Rh3+ 50. Ke4 Ng6 $1 {/\ 51...f5#} 51. f4+ (51. Rg1+ Kh4
52. f3 Rh2 $19) 51... Kf6 $1 (51... Kg4 52. Rg1+ Rg3 53. Rxg3+ Kxg3 54. f5
exf5+ 55. Kxf5 $17) 52. Bd3 Nh4 {White resigned. A bit premature maybe but
after the forced 53.Bf1 everything seems to win for Black.} (52... Nh4 53. Bf1
(53. Rg1 $2 Nf5) (53. Rf1 $2 Ng2) 53... Rh1 $19 {[%csl Rd1,Rf1][%cal Yh1g1,
Yh4f5,Yf5g3]} (53... Rg3 $5 54. Rd3 Nf5 55. Rf3 g5 $19) (53... Rf3 54. Be2 Rf2
55. Ke3 Rh2 $19)) 0-1